000 00334nam a2200109Ia 4500
005 20251222154305.0
008 251222s9999||||xx |||||||||||||| ||spa||
082 _a577.098/B32
100 _a"Bazán Zurita, Homeroy otros"
245 0 _a"La jalca de oro: Biodiversidad, medio ambiente y minería en la sierra de Cajamarca"
942 _cLIB
999 _c33180
_d33180